Spell the Country #22 - Statistics

General Stats
  • This quiz has been taken 37 times
  • The average score is 10 of 11
Answer Stats
Picture Answer % Correct
Argentina
100%
Australia
100%
Russia
100%
Iraq
97%
Armenia
93%
Egypt
93%
Jordan
93%
Zambia
93%
Azerbaijan
87%
Burundi
87%
Nicaragua
87%
No matching quizzes found
Score Distribution
Percent of People with Each Score
Percentile by Number Answered
Your Score History
You have not taken this quiz